Carbonate reservoirs : (Record no. 5779)

MARC details
000 -LEADER
fixed length control field 01348nac a22003731i 4500
003 - CONTROL NUMBER IDENTIFIER
control field EG-ScBUE
005 - DATE AND TIME OF LATEST TRANSACTION
control field 20260309094243.0
006 - FIXED-LENGTH DATA ELEMENTS--ADDITIONAL MATERIAL CHARACTERISTICS--GENERAL INFORMATION
fixed length control field m||||fq||h 00| 0
008 - FIXED-LENGTH DATA ELEMENTS--GENERAL INFORMATION
fixed length control field 260208r20072001ne ab f b 001 0 eng d
020 ## - INTERNATIONAL STANDARD BOOK NUMBER
International Standard Book Number 0444508503
020 ## - INTERNATIONAL STANDARD BOOK NUMBER
International Standard Book Number 9780444508508
035 ## - SYSTEM CONTROL NUMBER
System control number (OCoLC)ocm47091544
040 ## - CATALOGING SOURCE
Original cataloging agency EG-ScBUE
Language of cataloging eng
Description conventions rda
Transcribing agency EG-ScBUE
Modifying agency EG-ScBUE
082 04 - DEWEY DECIMAL CLASSIFICATION NUMBER
Classification number 552.5821
Item number MOO
Edition number 22
100 1# - MAIN ENTRY--PERSONAL NAME
Personal name Moore, Clyde H.,
Relator term author.
245 10 - TITLE STATEMENT
Title Carbonate reservoirs :
Remainder of title porosity evolution and diagenesis in a sequence stratigraphic framework /
Statement of responsibility, etc Clyde H. Moore, Colorado School of Mines, Golden, CO, and Louisiana State University, Baton Rouge, LA, USA.
250 ## - EDITION STATEMENT
Edition statement Reprinted edition.
264 #1 - PUBLICATION, DISTRIBUTION, ETC. (IMPRINT)
Place of publication, distribution, etc Amsterdam :
Name of publisher, distributor, etc Elsevier,
Date of publication, distribution, etc 2007.
300 ## - PHYSICAL DESCRIPTION
Extent xvi, 444 pages :
Other physical details illustrations, maps ;
Dimensions 27 cm +
Accompanying material 1 CD.
336 ## - CONTENT TYPE
Source rdacontent
Content type term text
Content type code txt
336 ## - CONTENT TYPE
Source rdacontent
Content type term sounds
Content type code snd
337 ## - MEDIA TYPE
Media type term unmediated
Source rdamedia
Media type code n
337 ## - MEDIA TYPE
Media type term audio
Source rdamedia
Media type code s
338 ## - CARRIER TYPE
Carrier type term volume
Carrier type code nc
Source rdacarrier
338 ## - CARRIER TYPE
Carrier type term computer disc
Carrier type code cd
Source rdacarrier
490 0# - SERIES STATEMENT
Series statement Developments in sedimentology ;
Volume number/sequential designation 55
504 ## - BIBLIOGRAPHY, ETC. NOTE
Bibliography, etc Includes bibliographical references and index.
650 #7 - SUBJECT ADDED ENTRY--TOPICAL TERM
Topical term or geographic name as entry element Rocks, Carbonate.
Source of heading or term BUEsh
650 #7 - SUBJECT ADDED ENTRY--TOPICAL TERM
Topical term or geographic name as entry element Diagenesis.
Source of heading or term BUEsh
650 #7 - SUBJECT ADDED ENTRY--TOPICAL TERM
Topical term or geographic name as entry element Porosity.
Source of heading or term BUEsh
650 #7 - SUBJECT ADDED ENTRY--TOPICAL TERM
Topical term or geographic name as entry element Sequence stratigraphy.
Source of heading or term BUEsh
655 ## - INDEX TERM--GENRE/FORM
Form subdivision Reading book
942 ## - ADDED ENTRY ELEMENTS (KOHA)
Koha item type Book - Borrowing
Source of classification or shelving scheme Dewey Decimal Classification
Holdings
Withdrawn status Lost status Source of classification or shelving scheme Damaged status Not for loan Collection code Home library Current library Shelving location Date acquired Source of acquisition Total Checkouts Total Renewals Full call number Barcode Date last seen Date checked out Price effective from Koha item type
    Dewey Decimal Classification     Baccah Central Library Central Library First floor 05/11/2007 Purchase 2 1 552.5821 MOO 000007502 15/07/2025 25/09/2019 05/11/2007 Book - Borrowing
    Dewey Decimal Classification     Baccah Central Library Central Library First floor 07/07/2011 Purchase     552.5821 MOO 000008213 24/08/2022   07/07/2011 CD | DVD - With book